Statistics for Who Starred in that Movie Quiz #9

Click here to take the quiz!

General Stats

  • This quiz has been taken 28,524 times
    (2,395 since last reset)
  • The average score is 15 of 20

Answer Stats

MoviesStar% Correct
Raiders of the Lost Ark, Star Wars, Blade RunnerHarrison Ford
97%
Walk the Line, Napoleon, JokerJoaquin Phoenix
93%
Coming to America, Beverly Hills Cop, ShrekEddie Murphy
91%
Lost in Translation, Black Widow, LucyScarlett Johansson
87%
Good Will Hunting, Argo, ArmageddonBen Affleck
85%
Doctor Strange, The Imitation Game, Star Trek Into DarknessBenedict Cumberbatch
81%
Sister Act, How Stella Got Her Groove Back, The Color PurpleWhoopi Goldberg
81%
Training Day, American Gangster, Malcolm XDenzel Washington
80%
The Fugitive, Men in Black, No Country for Old MenTommy Lee Jones
79%
Some Like it Hot, The Seven Year Itch, Gentlemen Prefer BlondesMarilyn Monroe
77%
White Men Can't Jump, Zombieland, Natural Born KillersWoody Harrelson
75%
The Transporter, Snatch, Hobbs & ShawJason Statham
67%
Ferris Bueller's Day Off, The Producers, The Lion KingMatthew Broderick
67%
Frida, From Dusk Till Dawn, Once Upon a Time in MexicoSalma Hayek
66%
Butch Cassidy and the Sundance Kid, The Sting, Cool Hand LukePaul Newman
64%
True Grit, Rio Bravo, The ShootistJohn Wayne
63%
The Great Escape, Bullitt, PapillonSteve McQueen
61%
Fatal Attraction, Dangerous Liaisons, Air Force OneGlenn Close
55%
On Golden Pond, The Philadelphia Story, The African QueenKatharine Hepburn
52%
The Apartment, Grumpy Old Men, Glengarry Glen RossJack Lemmon
50%

Score Distribution

Percentile by Number Answered

Percent of People with Each Score

Your Score History

You have not taken this quiz since the last reset